| 000 | 02123cam a22003251i 4500 | ||
|---|---|---|---|
| 003 | SA-RiAUC | ||
| 005 | 20250111121208.0 | ||
| 008 | 250109s2016 mr g 000 0bara c | ||
| 040 |
_aSA-MdIU _bara _cSA-RiAUC _erda |
||
| 043 | _aa-su--- | ||
| 082 | 0 | 4 |
_a922.1 _qSA-RiAUC |
| 090 |
_a922.1 _bا م ي |
||
| 100 | 1 |
_aالأمير، إبراهيم بن منصور الهاشمي، _d1384 هجري- _eمؤلف. |
|
| 245 | 1 | 2 |
_aالعلامة ابن علان المكي حياته وآثاره وجهوده في خدمة البلد الحرام / _cتأليف أبي هاشم إبراهيم بن منصور الهاشمي الأمير. ويليه كتاب ابن علان الانباء العميم ببناء البيت الحرام الفخيم : [يوميات بناء الكعبة بعد فاجعة سقوط معظم جدرها سنة 1039 هـ] / دراسة وتحقيق أبي هاشم إبراهيم بن منصور الهاشمي الأمير. |
| 250 | _aالطبعة الأولى. | ||
| 264 | 1 |
_aطنجة، المغرب : _bدار الحديث الكتانية، _c2016 |
|
| 300 |
_a364 صفحة ؛ _c24 سم |
||
| 336 |
_aنص _btxt _2rdacontent _3كتاب |
||
| 337 |
_aبدون وسيط _bn _2rdamedia |
||
| 338 |
_aمجلد _bnc _2rdacarrier |
||
| 600 | 1 | 7 |
_aابن علان، محمد علي بن محمد علان بن إبراهيم، _d996-1057 هجري _2aucnm |
| 610 | 2 | 7 |
_aالمسجد الحرام _xتاريخ _2aucnm |
| 650 | 7 |
_aالكعبة _xتاريخ _2aucsh |
|
| 650 | 7 |
_aالعلماء المسلمون _vتراجم _2aucsh |
|
| 700 | 1 | 2 |
_iتحقيق لـ (عمل) : _aالأمير، إبراهيم بن منصور الهاشمي، _d1384 هجري- _tالانباء العميم ببناء البيت الحرام الفخيم. |
| 700 | 1 | 2 |
_iمع (عمل) : _aابن علان، محمد علي بن محمد علان بن إبراهيم، _d996-1057 هجري _tالانباء العميم ببناء البيت الحرام الفخيم. |
| 700 | 1 |
_aالهاشمي، أبي هاشم إبراهيم بن منصور _eمحقق. |
|
| 942 |
_2ddc _cBOOK _n0 |
||
| 949 |
_aSA-JeALM _d250109 _umohamedma123 _n1 |
||
| 999 |
_c4594 _d4594 |
||